01262nab a22002057a 4500003000400000005001700004008004100021040000700062100003400069245014800103300001300251500003600264505039200300505011800692650002300810650003000833650001400863650002900877773015000906OSt20260121002445.0190514b xxu||||| |||| 00| 0 spa d cPJ aMuñoz Genestoux, Rosalía 13aLa ilusión de la seguridad total como residuo de un paradigma. Mirada desde el modelo social de discapacidad /cRosalía Muñoz Genestoux.  ap. 52-60 aCita: TR LALEY AR/DOC/983/2024. aSumario: I. Introducción.— II. El derrotero del proceso judicial.— III. Sobre el ejercicio de la capacidad jurídica y la imposibilidad de limitarla con fundamento en los períodos de desestabilización.— IV. Acerca de la necesidad de realizar una nueva evaluación interdisciplinaria.— V. El acceso a la justicia de las personas con discapacidad.— VI. Palabras finales.  tFallo comentado: SC Buenos Aires ~ 14/09/2023 ~ M. C., C. D. L. A. s/ determinación de la capacidad jurídica. 0aDERECHO DE FAMILIA 0aPERSONAS CON DISCAPACIDAD 0aCAPACIDAD 0aJURISPRUDENCIA APLICABLE0 02844dBuenos Aires : AbeledoPerrot, 1989-tDerecho de familia. Revista Interdisciplinaria de doctrina y jurisprudencia. Junio 2024-III.z18511201